| 000 | 00646nam a2200229 a 4500 | ||
|---|---|---|---|
| 999 |
_c8419 _d8419 |
||
| 001 | 8419 | ||
| 003 | BD-JhCC | ||
| 005 | 20180224112203.0 | ||
| 008 | 171115s2003 bg |||| ||a| 000 0 ben d | ||
| 020 | _a9848102215 | ||
| 035 | _a(BD-JhCC)8419 | ||
| 040 |
_aBD-JhCC _dBD-JhCC |
||
| 041 | _aben | ||
| 082 |
_a938 _bALI 2003 |
||
| 100 | _aআলী, মোবাশ্বের | ||
| 245 |
_aগ্রীক ট্রাজেডি / _cমোবাশ্বের আলী |
||
| 260 |
_aঢাকা : _bসূচীপত্র, _c2003. |
||
| 300 |
_a262 p. : _c22 cm. |
||
| 650 | _aGreek Civilization | ||
| 942 |
_2ddc _cBK |
||